Előszó

Elmentve itt :
Bibliográfiai részletek
Szerzők: Kispál Richárd
Gerencsér Miklós
Dokumentumtípus: Könyv része
Megjelent: 2015
Sorozat:Tanulmányok a társadalomról 2
Tanulmányok a társadalomról II. : a Szegedi Tudományegyetem Alkalmazott Társadalomismereti Tanszék valamint az SZTE Szociális Munka és Szociálpolitika Tanszék tudományos diákköri munkái 2
Kulcsszavak:Tudományos diákkör - társadalomtudományok - előszó
Tárgyszavak:
Online Access:http://acta.bibl.u-szeged.hu/64632
LEADER 00956naa a2200229 i 4500
001 acta64632
005 20220215142823.0
008 200228s2015 hu o 0|| hun d
020 |a 978-963-12-2713-0 
040 |a SZTE Egyetemi Kiadványok Repozitórium  |b hun 
041 |a hun 
100 1 |a Kispál Richárd 
245 1 0 |a Előszó  |h [elektronikus dokumentum] /  |c  Kispál Richárd 
260 |c 2015 
300 |a 7 
490 0 |a Tanulmányok a társadalomról  |v 2 
490 0 |a Tanulmányok a társadalomról II. : a Szegedi Tudományegyetem Alkalmazott Társadalomismereti Tanszék valamint az SZTE Szociális Munka és Szociálpolitika Tanszék tudományos diákköri munkái  |v 2 
650 4 |a Társadalomtudományok 
650 4 |a Szociológia 
695 |a Tudományos diákkör - társadalomtudományok - előszó 
700 0 1 |a Gerencsér Miklós  |e aut 
856 4 0 |u http://acta.bibl.u-szeged.hu/64632/1/tanulmanyok_a_tarsadalomrol_002_007.pdf  |z Dokumentum-elérés